[Event "BCF-chT4S 1920 (4NCL)"]
[Site "England"]
[Date "2020.01.12"]
[Round "4.45"]
[White "Vetta, Andrew"]
[Black "Siddharth, Gopakumar"]
[Result "1-0"]
[WhiteElo "1720"]
[BlackElo "1945"]
[PlyCount "115"]
[EventDate "2019.11.09"]
[EventType "team-swiss"]
[EventRounds "11"]
[EventCountry "ENG"]
[SourceTitle "EXT 2022"]
[Source "ChessBase"]
[SourceDate "2021.10.06"]
[SourceVersion "1"]
[SourceVersionDate "2021.10.06"]
[SourceQuality "1"]
[WhiteTeam "West is Best III"]
[BlackTeam "All Anands on Deck"]
[WhiteTeamCountry "WLS"]
[BlackTeamCountry "ENG"]

1. e4 c5 2. Nf3 a6 3. d3 Nc6 4. g3 d5 5. Nbd2 dxe4 6. dxe4 g6 7. Bg2 Bg7 8. 0-0 Nf6 9. c3 0-0 10. Qe2 Qc7 11. Re1 e5 12. Nf1 Rd8 13. h3 b5 14. Bg5 h6 15. Bxf6 Bxf6 16. Qe3 Kg7 17. Qxc5 Be7 18. Qe3 Na5 19. b3 Be6 20. Rac1 Rac8 21. N1d2 f6 22. Nb1 Rd6 23. Rcd1 Rcd8 24. Qe2 Nb7 25. Nh2 Qc8 26. g4 h5 27. Rxd6 Nxd6 28. Rd1 Rh8 29. f3 Nf7 30. Rd3 Bc5+ 31. Kf1 hxg4 32. fxg4 Ng5 33. Nd2 Rh7 34. Ke1 Qc6 35. Nhf1 Qa8 36. Ne3 Qh8 37. Nd5 Nxh3 38. Qf3 Bxd5 39. Rxd5 Be7 40. Nf1 Nf4 41. Rd2 Qc8 42. Ne3 Rh4 43. Bf1 Bc5 44. Nd5 Qxg4 45. Qxg4 Rxg4 46. Nc7 Rg3 47. Nxa6 Rxc3 48. Nxc5 Rxc5 49. Rd7+ Kh6 50. Kd2 b4 51. Ra7 Rc8 52. Bc4 g5 53. Ke3 g4 54. Kf2 Rd8 55. Kg3 Rd4 56. Kxg4 Rxe4 57. Kf5 Re3 58. Bg8 1-0

[Event "Wales-chT 1920"]
[Site "Wales"]
[Date "2019.12.01"]
[Round "2.6"]
[White "Vetta, Andrew"]
[Black "Llewellyn, David"]
[Result "1-0"]
[WhiteElo "1705"]
[BlackElo "1883"]
[PlyCount "145"]
[EventDate "2019.10.20"]
[EventType "team-tourn"]
[EventRounds "7"]
[EventCountry "WLS"]
[SourceTitle "EXT 2022"]
[Source "ChessBase"]
[SourceDate "2021.10.06"]
[SourceVersion "1"]
[SourceVersionDate "2021.10.06"]
[SourceQuality "1"]
[WhiteTeam "Nidum"]
[BlackTeam "Abergavenny"]
[WhiteTeamCountry "WLS"]
[BlackTeamCountry "WLS"]

1. c4 b6 2. Nf3 Bb7 3. Nc3 e6 4. g3 Bxf3 5. exf3 c5 6. Bg2 Nc6 7. 0-0 g6 8. d3 Bg7 9. Nb5 Qb8 10. f4 Nge7 11. Rb1 0-0 12. Bd2 a6 13. Nc3 Qc7 14. Be3 Rfd8 15. Qb3 Ra7 16. g4 Nd4 17. Bxd4 Bxd4 18. Ne2 Nc6 19. Qd1 Bg7 20. Qd2 d5 21. cxd5 exd5 22. Nc3 Bxc3 23. bxc3 d4 24. c4 Re8 25. Rfe1 Raa8 26. Bd5 Rab8 27. a3 Ne7 28. Bf3 b5 29. cxb5 axb5 30. Re5 f6 31. Re6 b4 32. axb4 cxb4 33. Rxf6 b3 34. Re6 Qc2 35. Qd1 Qxd1+ 36. Bxd1 Nd5 37. Rxe8+ Rxe8 38. Bxb3 Rd8 39. Ra1 Kg7 40. Ra7+ Kf6 41. Bxd5 Rxd5 42. Rxh7 g5 43. f5 Ra5 44. Rh6+ Ke5 45. Re6+ Kf4 46. Kg2 Kxg4 47. Re4+ Kxf5 48. Rxd4 Ra1 49. Rd8 Rd1 50. d4 Rd3 51. f3 Kf4 52. Rf8+ Ke3 53. Re8+ Kf4 54. Re4+ Kf5 55. Kg3 Rd1 56. h4 gxh4+ 57. Rxh4 Rg1+ 58. Kf2 Ra1 59. Re4 Rd1 60. Ke2 Ra1 61. Re3 Ra2+ 62. Kd1 Ra4 63. Rd3 Ke6 64. Ke2 Kd5 65. Ke3 Ra8 66. f4 Re8+ 67. Kf3 Rh8 68. Rd1 Rh7 69. f5 Rh4 70. Kg3 Re4 71. Rf1 Rxd4 72. f6 Re4 73. f7 1-0

[Event "West Wales Major op"]
[Site "Swansea"]
[Date "2019.10.13"]
[Round "4"]
[White "Vetta, Andrew"]
[Black "Williams, Stephen"]
[Result "0-1"]
[WhiteElo "1812"]
[BlackElo "1675"]
[PlyCount "100"]
[EventDate "2019.10.11"]
[EventType "swiss"]
[EventRounds "5"]
[EventCountry "WLS"]
[SourceTitle "EXT 2022"]
[Source "ChessBase"]
[SourceDate "2021.10.06"]
[SourceVersion "1"]
[SourceVersionDate "2021.10.06"]
[SourceQuality "1"]

1. e4 c6 2. d4 d5 3. e5 c5 4. c3 Nc6 5. Nf3 Bg4 6. Be2 e6 7. 0-0 Qb6 8. Qa4 Bxf3 9. dxc5 Bxc5 10. Bxf3 Qc7 11. b4 Bb6 12. Bf4 Nge7 13. Na3 0-0 14. Nb5 Qb8 15. Rfe1 Ng6 16. Bg3 Ncxe5 17. Be2 Qd8 18. Bh5 Nc4 19. Qd1 a6 20. Nd4 Qf6 21. Rc1 Nf4 22. Bxf4 Qxf4 23. g3 Qf6 24. Kg2 Rac8 25. f4 Bxd4 26. Qxd4 Qxd4 27. cxd4 g6 28. Be2 Nd6 29. g4 Rxc1 30. Rxc1 Rc8 31. Rxc8+ Nxc8 32. a4 Nd6 33. Bd3 h6 34. Kf3 Kf8 35. h4 Ke7 36. h5 gxh5 37. gxh5 Kf6 38. Kg4 Nc4 39. b5 axb5 40. axb5 Ne3+ 41. Kf3 Nf5 42. b6 Nxd4+ 43. Ke3 Nf5+ 44. Kf3 Nd6 45. Ke3 Nc4+ 46. Bxc4 dxc4 47. Kd4 Kf5 48. Kxc4 Kxf4 49. Kc5 Ke5 50. Kc4 f5 0-1